С песней сквозь годы. Государственный академический русский народный хор им. М. Е. Пятницкого

Podrobná bibliografie
Hlavní autor: Коваль М. В. Мариан Викторович
Jazyk:ruština
Vydáno: Москва, Советский композитор, 1968
Témata:
Médium: MixedMaterials Kniha
KOHA link:https://koha.lib.tpu.ru/cgi-bin/koha/opac-detail.pl?biblionumber=677298

MARC

LEADER 00000nam0a2200000 4500
001 677298
005 20241210113115.0
090 |a 677298 
100 |a 20241210d1968 m||y0rusy50 ca 
101 0 |a rus 
102 |a RU 
105 |a a z 000yy 
181 0 |a i   |b  e  
182 0 |a n 
183 0 |a nc  |2 RDAcarrier 
200 1 |a С песней сквозь годы. Государственный академический русский народный хор им. М. Е. Пятницкого  |f Мариан Коваль 
203 |a Текст  |b визуальный  |c непосредственный 
210 |a Москва  |c Советский композитор  |d 1968 
215 |a 254 с.  |c ил. 
283 |a volume  |2 RDAcarrier 
606 1 |a Хоровые коллективы  |9 43197 
610 1 |a народное творчество 
610 1 |a народная песня 
610 1 |a народные хоры 
610 1 |a фольклор 
610 1 |a музыка 
675 |a 784  |v 4 
700 1 |a Коваль  |b М. В.  |g Мариан Викторович 
801 0 |a RU  |b 63413507  |c 20241210 
830 |a Ретро2024Каталогизация Мотырева 
850 |a 63413507 
942 |c BK